Terminal de carga aeropuerto Juan Santamaria.

Gorde:
Xehetasun bibliografikoak
Egile nagusia: Hernandez Beita, Felix
Formatua: Tesis Liburua
Hizkuntza:Undetermined
Argitaratua: 1987
Gaiak:
Etiketak: Etiketa erantsi
Etiketarik gabe, Izan zaitez lehena erregistro honi etiketa jartzen!

MARC

LEADER 00000nam a2200000Ia 4500
001 4491
008 140114s9999 xx 000 0 und d
100 |a Hernandez Beita, Felix 
245 |a Terminal de carga aeropuerto Juan Santamaria. 
260 |c 1987 
500 |a NULL 
502 |a Escuela de ingenieria Civil 
650 |z TERMINAL DE CARGA AEROPUERTO 
999 |c 11796  |d 11796